Statistics for Texas Cities Quiz

Click here to take the quiz!

General Stats

  • This quiz has been taken 39 times
  • The average score is 9 of 10

Answer Stats

HintAnswer% Correct
Largest city in the US' largest two-city metroDallas
100%
CapitalAustin
97%
Largest CityHouston
97%
Far western city on the border with MexicoEl Paso
94%
Known for its spanish culture, second largest citySan Antonio
91%
Other half of two-city metroFort Worth
88%
City where Fixer Upper was filmed, starts with WWaco
88%
The name of this city means yellow in spanishAmarillo
85%
Very windy city. Two words, starts with CCorpus Christi
85%
Main suburb of two city metro, starts with AArlington
76%

Score Distribution

Percentile by Number Answered

Percent of People with Each Score

Your Score History

You have not taken this quiz